000 01458nam0a2200385 4500
001 RU\NLR\bibl\242395
005 20250619114140.0
010 _a5-7905-1036-1
_bВ пер.
_910000
021 _aRU
_b2001-43921
_92093
035 _a(NLR Aleph) 000238266
090 _a1388032
_c1388032
100 _a20020305d2001 |||y0rusy50 ca
101 0 _arus
102 _aRU
105 _aa |||||||||
200 1 _aМягкая игрушка
_eИгрушки с бисером
_fС. Кочетова
210 _aМ.
_cРИПОЛ классик
_aСПб.
_cВалери СПД
_d2001
215 _a76,[1] с., [2] л. цв. ил.
_cил.
_d25
225 1 _aСерия "Малая энциклопедия рукоделия"
300 _aНа обл. загл. сер.: Энциклопедия рукоделия
606 0 _aИгрушки мягкие самодельные
_92090367
_3RU\NLR\auth\661265269
610 0 _aИгрушки мягкие самодельные
610 0 _aБисерное рукоделие
675 _a688.72.027:746.5
_v3
_zrus
686 _a80
_2rugasnti
686 _a37.248
_2rubbk
686 _aМ743
700 1 _aКочетова
_bС. В.
_gСветлана Викторовна
_4070
801 0 _aRU
_bRKP
_c20020305
_gPSBO
801 1 _aRU
_bRKP
_c20020305
801 2 _aRU
_bNLR
_c20020507
_grcr
830 _aАвт. раскрыт по кн.
942 _cBOOK
980 _aNB